000 00302nam a22001337a 4500
008 181017b xxu||||| |||| 00| 0 eng d
020 _a0721612601
041 _aeng
080 _27th
_a611
100 _a6
101 _aANE
245 _aTextbook of Medical Physiology
_cGuyton,A.C
942 _2udc
_cBK
999 _c50053
_d50053